00909nam a2200205 a 450000100100000000500170001000800410002704000250006808200140009324501780010726000380028530000300032350000420035350400250039570000280042004900090044895201120045795201170056999900170068600001721320200929165042.0100319s1968 dr c 000 0 spa d aDO-SdBNPbspacBNPHU axxxbO69P00aOrientación pediátrica :bapuntes de puericultura y pediatria accesibles escritos por miembros de la sociedad dominicana de pediatria /cRecopilados por Emil Kasse Acta. aSanto Domingo :bColorama,c1968. a141 p. :bretr. ;c22 cm. aIncluye notas al pie de las páginas aBibliografía : 1411 aKasse Acta, Emil922279 aBNPD 0010718PDaPDbPDcCTd2010-03-19iLF1l0oxxx O69Pp17213-10r2020-06-25w2020-06-25yLFPDZNo se presta 0010718PDaPDbPDcCTd2010-09-13iLF1l0oxxx O69Pp17213-20r2020-06-25te.2w2020-06-25yLFPDZNo se presta c16738d16738